|
|
|
|
| LEADER |
00000nab a2200000 a 4500 |
| 001 |
vtls009145495 |
| 003 |
SK-MaSNL |
| 005 |
20260304152513.0 |
| 008 |
250506c2007 xo |||||||||||000 b|slo |
| 015 |
|
|
|a SNBRB2007/10
|2 snkbucl
|
| 035 |
|
|
|a (uuid)d31191ec-3c42-4913-8a4e-97ee69a19d63
|
| 035 |
|
|
|a urn:nbn:sk:snk-ab10xn
|
| 035 |
|
|
|a (urnnbn)urn:nbn:sk:snk:ar-a04kwx
|
| 038 |
|
|
|a SNKBUCL
|
| 040 |
|
|
|a SNKBUCL
|b slo
|c SNKBUCL
|e AACR2
|
| 041 |
0 |
|
|a slo
|
| 044 |
|
|
|a xo
|c SK
|
| 080 |
|
|
|a 633.11:631.527.5
|2 1997
|
| 080 |
|
|
|a 631.527.5
|2 1997
|
| 100 |
1 |
|
|a Toroková, Veronika
|4 aut
|9 267629
|
| 245 |
1 |
0 |
|a Tri Dni poľa hlavne v znamení premiéry dvoch hybridov pšenice
|c Veronika Toroková
|
| 300 |
|
|
|b Fotogr.
|
| 611 |
2 |
7 |
|a Dni poľa
|d (2007 :
|c Slovensko)
|2 snkbucl
|9 1474849
|
| 650 |
0 |
7 |
|a hybridy
|2 snkbucl
|9 75116
|
| 650 |
0 |
7 |
|a pšenica
|2 snkbucl
|9 21833
|
| 773 |
0 |
|
|t Naše pole
|g Roč. XI, č. 9 (2007), s. 16-17
|x 1335-2466
|
| 850 |
|
|
|a Slovenská národná knižnica
|
| 852 |
|
|
|a Slovenská národná knižnica
|
| 954 |
|
|
|a odborná, vedecká literatúra pôvodná (slovenská)
|2 lita
|
| 958 |
|
|
|a article27
|
| 958 |
|
|
|a SK
|
| 958 |
|
|
|a OND
|
| 958 |
|
|
|a EUIPO
|
| 999 |
|
|
|c 2949413
|d 2951343
|